Capitals of Europe - Statistics

General Stats
  • This quiz has been taken 36 times
    26 since last reset
  • The average score is 42 of 45
Answer Stats
Continent Capital % Correct
Europe Amsterdam
100%
Europe Athens
100%
Europe Berlin
100%
Europe Bern
100%
Europe Brussels
100%
Europe Kiev
100%
Europe Madrid
100%
Europe Paris
100%
Europe Reykjavík
100%
Europe Rome
100%
Europe San Marino
100%
Europe Stockholm
100%
Europe Vatican City
100%
Europe Warsaw
100%
Europe Copenhagen
95%
Europe Dublin
95%
Europe Helsinki
95%
Europe Lisbon
95%
Europe London
95%
Europe Luxembourg
95%
Europe Monaco
95%
Europe Moscow
95%
Europe Oslo
95%
Europe Prague
95%
Europe Riga
95%
Europe Sofia
95%
Europe Vienna
95%
Europe Zagreb
95%
Europe Belgrade
90%
Europe Bucharest
90%
Europe Budapest
90%
Europe Ljubljana
90%
Europe Minsk
90%
Europe Tallinn
90%
Europe Valletta
90%
Europe Bratislava
85%
Europe Chişinău
85%
Europe Sarajevo
85%
Europe Skopje
85%
Europe Tirana
85%
Europe Vaduz
85%
Europe Vilnius
85%
Europe Andorra la Vella
80%
Europe Podgorica
80%
Europe Pristina
80%
No matching quizzes found
Score Distribution
Percent of People with Each Score
Percentile by Number Answered
Your Score History
You have not taken this quiz since the last reset